书目信息 |
| 题名: |
声乐舞台表演研究
|
|
| 作者: | 胡郢 著 | |
| 分册: | ||
| 出版信息: | 长春 吉林大学出版社 2022.07 |
|
| 页数: | 215页 | |
| 开本: | 24cm | |
| 丛书名: | ||
| 单 册: | ||
| 中图分类: | J616 , J812 | |
| 科图分类: | ||
| 主题词: | 声乐艺术--sheng yue yi shu--研究 , 舞台演出--wu tai yan chu--研究 | |
| 电子资源: | ||
| ISBN: | 978-7-5768-0035-7 | |
| 000 | 01179nam0 2200277 450 | |
| 001 | CAL 012022036747 | |
| 005 | 20230217093113.0 | |
| 010 | @a978-7-5768-0035-7@dCNY88.00 | |
| 100 | @a20221020d2022 em y0chiy0120 ea | |
| 101 | 0 | @achi |
| 102 | @aCN@b220000 | |
| 105 | @aag a 000yy | |
| 106 | @ar | |
| 200 | 1 | @a声乐舞台表演研究@Asheng yue wu tai biao yan yan jiu@f胡郢著 |
| 210 | @a长春@c吉林大学出版社@d2022.07 | |
| 215 | @a215页@c图, 乐谱@d24cm | |
| 314 | @a胡郢, 声乐硕士, 广西艺术学院音乐教育学院声乐讲师等职。 | |
| 320 | @a有书目 (第213-215页) | |
| 330 | @a本书是声乐舞台表演研究类专著。以声乐艺术及其舞台表演艺术作为研究对象, 从声乐艺术发展与舞台表演概述入手, 阐述了声乐艺术的艺术表现力探究, 进行了基于心理学的声乐舞台表演分析, 详细分析了声乐艺术舞台表演台风, 以及进行了美声、民族、流行三大声乐唱法的比较分析, 之后阐述了不同领域的声乐演唱探究, 分析了声乐舞台表演的二度创作与准备, 最后提出了声乐艺术的舞台表演及其实践。 | |
| 606 | 0 | @a声乐艺术@Asheng yue yi shu@x研究 |
| 606 | 0 | @a舞台演出@Awu tai yan chu@x研究 |
| 690 | @aJ616@v5 | |
| 690 | @aJ812@v5 | |
| 701 | 0 | @a胡郢@Ahu ying@4著 |
| 801 | 0 | @aCN@bBJXHZP@c20230228 |
| 905 | @b1380702-5@dJ616@e1471@f4 | |
| 声乐舞台表演研究/胡郢著.-长春:吉林大学出版社,2022.07 |
| 215页:图, 乐谱;24cm |
| ISBN 978-7-5768-0035-7:CNY88.00 |
| 本书是声乐舞台表演研究类专著。以声乐艺术及其舞台表演艺术作为研究对象, 从声乐艺术发展与舞台表演概述入手, 阐述了声乐艺术的艺术表现力探究, 进行了基于心理学的声乐舞台表演分析, 详细分析了声乐艺术舞台表演台风, 以及进行了美声、民族、流行三大声乐唱法的比较分析, 之后阐述了不同领域的声乐演唱探究, 分析了声乐舞台表演的二度创作与准备, 最后提出了声乐艺术的舞台表演及其实践。 |
| ● |
| 相关链接 |
|
|
|
|
正题名:声乐舞台表演研究
索取号:J616/1471
 
预约/预借
| 序号 | 登录号 | 条形码 | 馆藏地/架位号 | 状态 | 备注 |
| 1 | 1380702 | 213807022 | 第一样本阅览室/ [索取号:J616/1471] | 在馆 | |
| 2 | 1380703 | 213807031 | 第一借阅区/ [索取号:J616/1471] | 在馆 | |
| 3 | 1380704 | 213807040 | 第一借阅区/ [索取号:J616/1471] | 在馆 | |
| 4 | 1380705 | 213807059 | 第一借阅区/ [索取号:J616/1471] | 在馆 |